| 000 | 00632nam a2200217 4500 | ||
|---|---|---|---|
| 001 | 8025 | ||
| 005 | 20181127184924.0 | ||
| 008 | 891011r19891985nyuab b 00110 eng d | ||
| 020 | _a0816021368 : | ||
| 082 | 0 | _a970.00497 | |
| 100 | 1 |
_aWaldman, Carl, _d1947- |
|
| 245 | 1 | 0 |
_aAtlas of the North American Indian _cCarl Waldman |
| 260 |
_aNew York, N.Y. : _bFacts on File, Inc _c1984 |
||
| 300 |
_a276 p. _bIllus. ; Biblio _ccm. |
||
| 500 | _aIncludes index. | ||
| 500 | _aIndex | ||
| 504 | _aBibliography: p. 266-267. | ||
| 650 | 0 |
_aIndians of North America _vMaps. |
|
| 700 | 1 | _aBraun, Molly. | |
| 999 |
_c6909 _d6909 |
||